Factor analysis ; an introduction and manual for the psychologist and social scientist.

Bibliographic Details
Main Author: Cattell, Raymond B. (Raymond Bernard), 1905-1998
Format: Book
Language:English
Published: New York : Harper, [1952]
Series:[Harper's psychological series]
Subjects:

MARC

Tag First Indicator Second Indicator Subfields
LEADER 00000cam a2200000 4500
001 in00000038915
005 20151007081358.0
008 740509s1952 eng u
010 |a  51011893  
035 |a (OCoLC)00882066 
035 |9 AAF6290AM 
040 |c TOL  |d OCL  |d TXA  |d UtOrBLW 
049 |a TXAM  |c [208521] 
050 0 0 |a BF39  |b .C3 
092 |a 311.23  |b C368f 
100 1 |a Cattell, Raymond B.  |q (Raymond Bernard),  |d 1905-1998. 
245 1 0 |a Factor analysis ;  |b an introduction and manual for the psychologist and social scientist. 
264 1 |a New York :  |b Harper,  |c [1952] 
264 4 |c [©1952] 
300 |a xiii, 462 pages :  |b illustrations ;  |c 22 cm. 
336 |a text  |b txt  |2 rdacontent 
337 |a unmediated  |b n  |2 rdamedia 
338 |a volume  |b nc  |2 rdacarrier 
490 0 |a [Harper's psychological series] 
500 |a Includes indexes. 
504 |a Bibliography: pages [441]-450. 
650 0 |a Factor analysis. 
999 |a MARS 
999 f f |s 5a68a565-846e-35f4-94cb-3058cf41607a  |i 96a10eeb-2b71-34da-a56a-79c3c6b2b7a3  |t 0 
952 f f |p normal  |a Texas A&M University  |b College Station  |c Sterling C. Evans Library  |d Evans: Library Stacks  |t 0  |e BF39 .C3  |h Library of Congress classification  |i unmediated -- volume  |m A14800654026 
998 f f |a BF39 .C3  |t 0  |l Evans: Library Stacks